LEADER 01621nam0 22003013i 450 001 VAN0119597 005 20190123095139.589 100 $a20190123d1914 |0itac50 ba 101 $aita 102 $aIT 105 $a|||| ||||| 200 1 $aCodice di procedura penale$eLegge 20 giugno 1912, n$h598$ie R.D$h27 febbraio 1913$in$h127$epreceduto dalla relazione a Sua Maestą il re e seguito dai RR. DD$h5 ottobre 1913$in$h1176$i1177, 1178 contenenti le norme di attuazione e di coordinamento, le disposizioni transitorie e regolamentari ed il regolamento sul servizio del casellario giudiziario 205 $aEd. definitiva con richiami marginali dei corrispondenti articoli del Codice del 1865 e di altre leggi, con una tavola di riscontro e con copioso indice alfabetico-analitico 210 $aTorino$cUnione tipografico-editrice torinese$d1914 215 $aCXLVI, 364 p.$d16 cm 620 $dTorino$3VANL000001 710 02$aItalia$3VANV001942$0423419 712 $aUTET $3VANV107949$4650 791 02$aRepubblica italiana$zItalia$3VANV057868 791 02$aRegno d'Italia <1861-1946>$zItalia$3VANV057870 791 02$aItalia $zItalia$3VANV057871 791 02$aItalia $zItalia$3VANV057873 801 $aIT$bSOL$c20240614$gRICA 899 $aBIBLIOTECA DEL DIPARTIMENTO DI GIURISPRUDENZA$1IT-CE0105$2VAN00 912 $aVAN0119597 950 $aBIBLIOTECA DEL DIPARTIMENTO DI GIURISPRUDENZA$d00CONS BNA.448 $e00BNA3503 20190123 996 $aCodice di procedura penale$9200118 997 $aUNICAMPANIA